Central Library || Chittagong University

Treaties in force : a list of treaties & other international agreements of the United States in force on January 1 , 1975./ (Record no. 112796)

MARC details
000 -LEADER
fixed length control field 00498nam a22001577a 4500
003 - CONTROL NUMBER IDENTIFIER
control field BD-ChCU
005 - DATE AND TIME OF LATEST TRANSACTION
control field 20260510085623.0
008 - FIXED-LENGTH DATA ELEMENTS--GENERAL INFORMATION
fixed length control field 260510b bg ||||| |||| 00| 0 ben d
040 ## - CATALOGING SOURCE
Transcribing agency BD-ChCU
082 ## - DEWEY DECIMAL CLASSIFICATION NUMBER
Classification number REF 341.2 TRE
245 ## - TITLE STATEMENT
Title Treaties in force : a list of treaties & other international agreements of the United States in force on January 1 , 1975./
260 ## - PUBLICATION, DISTRIBUTION, ETC.
Place of publication, distribution, etc. U.S.A.
Name of publisher, distributor, etc. Department of State ,
Date of publication, distribution, etc. C 1975
300 ## - PHYSICAL DESCRIPTION
Extent Viii , 446p.
650 #0 - SUBJECT ADDED ENTRY--TOPICAL TERM
Topical term or geographic name entry element Treaties .
9 (RLIN) 22628
942 ## - ADDED ENTRY ELEMENTS (KOHA)
Source of classification or shelving scheme Dewey Decimal Classification
Koha item type Books
Suppress in OPAC No
Holdings
Withdrawn status Lost status Source of classification or shelving scheme Damaged status Not for loan Home library Current library Shelving location Date acquired Source of acquisition Total Checkouts Full call number Barcode Date last seen Copy number Price effective from Koha item type
    Dewey Decimal Classification     Chittagong University Library Chittagong University Library Reference 05/10/2026 Purchase   REF 341.2 TRE 94262 05/10/2026 C-1 05/10/2026 Books
© Copyright 2026. Chittagong University Library, Installation and Maintenance by Prof. Dr. Md. Alamgir, 01711306253